banner koha

Screening antimycobacterial activity of Baccharis dracunculifolia, Centella asiatica, Lantana camara and Pterodon emarginatus (Registro n. 300135)

MARC details
000 -LÍDER
fixed length control field 04517nab a2200313 i 4500
003 - CÓDIGO MARC DA AGÊNCIA CATALOGADORA
Campo de controle BR-BrBNA
005 - DATA E HORA DA ÚLTIMA ATUALIZAÇÃO
Campo de controle 20240619121821.0
008 - CAMPO DE TAMANHO FIXO
fixed length control field 240619b2015 bl.qr|pooa||| 00| 0 eng |
040 ## - FONTE DA CATALOGAÇÃO
Agência catalogadora BR-BrBNA
Idioma da catalogação eng
072 ## - CATEGORIA AGRIS
Código AGRIS F60
100 ## - ENTRADA PRINCIPAL - NOME PESSOAL
Nome pessoal Machado, R.R.P.
100 ## - ENTRADA PRINCIPAL - NOME PESSOAL
Nome pessoal Dutra, R.C.
100 ## - ENTRADA PRINCIPAL - NOME PESSOAL
Nome pessoal Pittella, F.
100 ## - ENTRADA PRINCIPAL - NOME PESSOAL
Nome pessoal Raposo, N.R.B.
100 ## - ENTRADA PRINCIPAL - NOME PESSOAL
Nome pessoal Lesche, B.
100 ## - ENTRADA PRINCIPAL - NOME PESSOAL
Nome pessoal Duarte, R.S.
100 ## - ENTRADA PRINCIPAL - NOME PESSOAL
Nome pessoal Soares, G.L.G.
100 ## - ENTRADA PRINCIPAL - NOME PESSOAL
Nome pessoal Kaplan, M.A.C.
245 ## - TÍTULO PRINCIPAL
Título principal Screening antimycobacterial activity of Baccharis dracunculifolia, Centella asiatica, Lantana camara and Pterodon emarginatus
500 ## - NOTA GERAL
Nota geral Publicação on-line; 41 ref.; 4 tables; Summaries (En, Pt)
942 ## - ADDED ENTRY ELEMENTS (KOHA)
Koha item type
520 ## - NOTA DE RESUMO
Nota de conteúdo <br/><br/>RESUMO: <br/><br/>Atividade anti-micobacteriana de Baccharis dracunculifolia, Centella asiatica,<br/>Lantana camara e Pterodon emarginatus. A investigação permanente de novas drogas<br/>antimicobacterianas é necessária no programa de erradicação da tuberculose e de outras<br/>doenças relacionadas com micobactérias. O objetivo deste estudo foi buscar novas fontes<br/>de drogas antimicobacterianas usando material vegetal. Neste estudo, 11 materiais de base<br/>vegetal (extratos, óleos essenciais e algumas frações) foram avaliados contra 5 espécies de<br/>micobactérias. Estes materiais foram obtidos a partir de 4 espécies de plantas medicinais<br/>tradicionalmente utilizadas como terapêutica geral para diferentes doenças e, especificamente,<br/>no tratamento de tuberculose (Baccharis dracunculifolia, Centella asiatica, Lantana camara,<br/>Pterodon emarginatus). Os ensaios foram realizados em microplacas com resazurina contra<br/>duas espécies do Complexo Mycobacterium tuberculosis e 3 espécies de micobactérias não<br/>tuberculosas. Os resultados mostraram o extrato hexânico e o óleo essencial de frutos de P.<br/>emarginatus como potenciais fontes para drogas antimicobacterianas contra quatro espécies<br/>de micobactérias testadas. A fração hexânica do extrato metanólico das folhas de C. asiatica<br/>também apresentou significativa inibição do crescimento de micobactérias apenas contra M.<br/>chelonae. Em conclusão, foi possível contribuir para as investigações de antimicobacterianos<br/>por apresentar três novas amostras de plantas com atividade antimicrobiana significativa contra<br/>quatro Mycobacterium spp e sugerir a realização de estudos futuros sobre as propriedades<br/>antimicobacterianas de frutos de P. emarginatus.<br/><br/>Palavras-chave: antimicrobiano, Complexo Mycobacterium tuberculosis, ensaio em microplacas<br/>com resazurina, micobactérias não-tuberculosas, vegetais.
520 ## - NOTA DE RESUMO
Nota de conteúdo <br/><br/>ABSTRACT:<br/><br/>The permanent investigation of new antimycobacterial drugs is necessary for the<br/>eradication programs of tuberculosis and other mycobacterium-related diseases. The aim of<br/>the present study is to search for new sources of antimycobacterial drugs using plant materials.<br/>In this study, 11 plant materials (extracts, essential oils and some fractions) obtained from 4<br/>species of medicinal plants traditionally used as general therapeutics for different illnesses<br/>and specifically as treatment of tuberculosis, were evaluated using the microplate resazurin <br/>assay against 2 species of the Mycobacterium tuberculosis Complex and 3 nontuberculous<br/>mycobacteria. The results showed the hexane extract and the essential oil from fruits of Pterodon<br/>emarginatus (Vogel) as potential sources of antimycobacterial drugs against 4 species of tested<br/>mycobacteria. The hexane fraction of methanol extract from leaves of Centella asiatica also<br/>presented significant mycobacterial growth inhibition, but against M. chelonae only. In conclusion,<br/>it was possible to contribute to the antimycobacterial investigations by presenting three new<br/>samples of plants with significant antimicrobial activity against four Mycobacterium spp and<br/>suggest future studies about the antimycobacterial properties of fruits from P. emarginatus.<br/><br/>Keywords: Antimicrobial, Mycobacterium tuberculosis Complex, Microplate Resazurin Assay,<br/>Nontuberculous mycobacteria, Plants.
650 ## - ASSUNTO - THESAGRO
Cabeçalho tópico ou nome geográfico TUBERCULOSE
650 ## - ASSUNTO - THESAGRO
Cabeçalho tópico ou nome geográfico PLANTA MEDICINAL
773 0# - ENTRADA ANALÍTICA
Host Biblionumber 3543
Registro do item 315963
Imprenta Botucatu-SP Instituto de Biociências - Departamento de Química e Bioquímica 1998
Outro identificador 2024-2330
Título Revista Brasileira de Plantas Medicinais (Brazil)
ISSN 1516-0572
Colação v. 17(4 suppl. 2) p. 891-899; (2015)
Número de controle de registro BR2024001419
856 ## - ACESSO E ENDEREÇO ELETRÔNICO
Identificador uniforme de recurso - URI https://www.scielo.br/j/rbpm/a/FZqMsBFg6wGHKHQ9zHwvdmP/?format=pdf&lang=en

Nenhum exemplar disponível.

BINAGRI

Telefone: (61)3218-2567/2388/3357/2097 - binagri@agro.gov.br

Ministério da Agricultura e Pecuária , Esplanada dos Ministérios, Bloco D, Anexo B, Brasília/DF, CEP: 70.043-900